| 000 | 00633nam a22002052 4500 | ||
|---|---|---|---|
| 001 | 0000013570 | ||
| 005 | 20151217152126.0 | ||
| 008 | 090924s xx 000 0 eng d | ||
| 020 | _a1589063600 : | ||
| 040 |
_aKABU _cKABU |
||
| 245 | 1 | 4 |
_aThe Macroeconomics of HIV/AIDS / _ceditor, Markus Haacker. |
| 250 | _a1st ed. | ||
| 260 |
_aWashington D. C. : _bIMF, _c2004. |
||
| 300 | _axvii, 344 p. | ||
| 650 | 0 |
_aAIDS (Disease) _xEconomic aspects _zDeveloping countries. _@0000166567 |
|
| 700 | 1 |
_aHaacker, Markus. _@0000171019 |
|
| 852 | 1 | _9p2724 KES | |
| 908 | _a090924 | ||
| 950 | _@1 | ||
| 999 |
_c8525 _d8525 |
||